[Event "Lumpy Bumpy's Christmas Cracker 2012"]
[Site "SchemingMind.com"]
[Date "2012.12.13"]
[Round "-"]
[White "Olli Ylönen"]
[Black "Clive Everill"]
[Result "1-0"]
[WhiteCountry "FIN"]
[BlackCountry "CZE"]
[WhiteElo "1847"]
[WhiteRD "53"]
[BlackElo "1710"]
[BlackRD "48"]
[GameID "323051"]

1. d4 d5 2. c4 e5 3. dxe5 d4 4. Nf3 Nc6 5. g3 Nge7 6. Bg2 Ng6 7. Bg5 Qd7 8. O-O h6 9. Bc1 Ngxe5 10. Nxe5 Nxe5
11. b3 Bc5 12. Nd2 O-O 13. Bb2 Rb8 14. Ne4 b6 15. Nxc5 bxc5 16. e3 Rd8 17. exd4 cxd4 18. Re1 f6 19. Bd5+ Kh8 20. Bxd4 Ng6
21. Qh5 Ne7 22. Bxf6 Re8 23. Qxh6#
1-0

[Event "Lumpy Bumpy's Christmas Cracker 2012"]
[Site "SchemingMind.com"]
[Date "2012.12.13"]
[Round "-"]
[White "Clive Everill"]
[Black "Olli Ylönen"]
[Result "0-1"]
[WhiteCountry "CZE"]
[BlackCountry "FIN"]
[WhiteElo "1738"]
[WhiteRD "55"]
[BlackElo "1812"]
[BlackRD "55"]
[GameID "323052"]

1. e4 c5 2. Nf3 d6 3. Bb5+ Bd7 4. c4 Nf6 5. Nc3 Nc6 6. O-O a6 7. Ba4 g6 8. d4 cxd4 9. Nxd4 Nxd4 10. Bxd7+ Qxd7
11. Qxd4 Bg7 12. Qd3 Rc8 13. b3 Nxe4 14. Bb2 Bxc3 15. Bxc3 Nxc3 16. Qxc3 O-O 17. Rad1 b6 18. Qe3 Qc6 19. Rfe1 e5 20. Qd3 Rfd8
21. Qd5 Qxd5 22. Rxd5 Rc5 23. Red1 Rxd5 24. Rxd5 f5 25. f3 Kf7 26. Kf2 Ke6 27. g3 Rc8 28. Ke3 Rc5 29. Rd3 d5 30. cxd5+ Rxd5
31. Rc3 Rc5 32. Rxc5 bxc5 33. Kd3 Kd5 34. h3 e4+ 35. fxe4+ fxe4+ 36. Ke3 c4 37. g4 c3 38. h4 a5 39. a3 h6 40. b4 axb4
41. axb4 Kc4
0-1

[Event "Lumpy Bumpy's Christmas Cracker 2012"]
[Site "SchemingMind.com"]
[Date "2012.12.13"]
[Round "-"]
[White "capablanca"]
[Black "Clive Everill"]
[Result "0-1"]
[WhiteCountry "GER"]
[BlackCountry "CZE"]
[WhiteElo "1638"]
[WhiteRD "55"]
[BlackElo "1710"]
[BlackRD "48"]
[GameID "323129"]

1. e4 c6 2. d4 g6 3. Nc3 d5 4. exd5 cxd5 5. Nf3 Bg7 6. Bb5+ Nc6 7. Be3 Bg4 8. h3 Bxf3 9. Qxf3 e6 10. O-O Ne7
11. Rfe1 O-O 12. a3 Nxd4 13. Qd1 Nxb5 14. Nxb5 Bxb2 15. Rb1 Bg7 16. Nxa7 d4 17. Rxb7 dxe3 18. Qxd8 exf2+ 19. Kxf2 Rfxd8 20. Rxe7 Bd4+
21. Kf1 Bxa7
0-1

[Event "Lumpy Bumpy's Christmas Cracker 2012"]
[Site "SchemingMind.com"]
[Date "2012.12.13"]
[Round "-"]
[White "capablanca"]
[Black "Olli Ylönen"]
[Result "1-0"]
[WhiteCountry "GER"]
[BlackCountry "FIN"]
[WhiteElo "1638"]
[WhiteRD "55"]
[BlackElo "1847"]
[BlackRD "53"]
[GameID "323130"]

1. d4 d5 2. c4 e6 3. Nc3 Nf6 4. Bg5 Be7 5. Nf3 O-O 6. e3 h6 7. Bh4 b6 8. cxd5 Nxd5 9. Nxd5 exd5 10. Bxe7 Qxe7
11. Be2 Be6 12. O-O c5 13. dxc5 bxc5 14. b3 a5 15. Bb5 Nd7 16. Rc1 f6 17. Bxd7 Bxd7 18. Qxd5+ Kh8 19. Nh4
1-0

[Event "Lumpy Bumpy's Christmas Cracker 2012"]
[Site "SchemingMind.com"]
[Date "2012.12.13"]
[Round "-"]
[White "Clive Everill"]
[Black "capablanca"]
[Result "1-0"]
[WhiteCountry "CZE"]
[BlackCountry "GER"]
[WhiteElo "1710"]
[WhiteRD "48"]
[BlackElo "1638"]
[BlackRD "55"]
[GameID "323131"]

1. e4 e5 2. Nc3 Nf6 3. g3 Bc5 4. Bg2 Nc6 5. Nge2 d6 6. Na4 Bb4 7. a3 Ba5 8. b4 Bb6 9. Nxb6 axb6 10. O-O Be6
11. d4 exd4 12. Nxd4 Qc8 13. Nxe6 Qxe6 14. Re1 O-O 15. Bb2 Ne5 16. f4 Nc4 17. Bc3 Rxa3 18. Rxa3 Nxa3 19. e5 dxe5 20. Bxe5 c6
21. Bd6 Rd8 22. Rxe6
1-0

[Event "Lumpy Bumpy's Christmas Cracker 2012"]
[Site "SchemingMind.com"]
[Date "2012.12.14"]
[Round "-"]
[White "Olli Ylönen"]
[Black "capablanca"]
[Result "1-0"]
[WhiteCountry "FIN"]
[BlackCountry "GER"]
[WhiteElo "1906"]
[WhiteRD "55"]
[BlackElo "1719"]
[BlackRD "63"]
[GameID "323132"]

1. Nf3 Nf6 2. c4 c5 3. g3 Nc6 4. Bg2 d5 5. cxd5 Nxd5 6. Nc3 Bf5 7. d3 e6 8. Nh4 Nxc3 9. bxc3 Bg4 10. Bxc6+ bxc6
11. Qa4 Bh5 12. Qxc6+ Ke7 13. Qxc5+
1-0

[Event "Lumpy Bumpy's Christmas Cracker 2012"]
[Site "SchemingMind.com"]
[Date "2012.12.16"]
[Round "-"]
[White "simpet"]
[Black "capablanca"]
[Result "1-0"]
[WhiteCountry "ENG"]
[BlackCountry "GER"]
[WhiteElo "1613"]
[WhiteRD "54"]
[BlackElo "1638"]
[BlackRD "55"]
[GameID "323328"]

1. e4 e5 2. Nf3 Nc6 3. Bc4 Bc5 4. Nc3 d6 5. d3 h6 6. O-O Nf6 7. h3 Na5 8. Na4 Nxc4 9. Nxc5 dxc5 10. dxc4 O-O
11. Nxe5 Nxe4 12. Qd5 Qxd5 13. cxd5 Re8 14. Nf3 Bd7 15. c4 b5 16. b3 c6 17. d6 Nxd6 18. cxb5 cxb5 19. Bf4 Nf5 20. Rad1 Bc6
21. Ne5 Rac8 22. Nxc6 Rxc6 23. Rd7 a6 24. Rfd1 c4 25. Ra7 cxb3 26. axb3 Rec8 27. Rdd7 Rf8 28. Bd2 Rf6 29. Kh2 Nh4 30. f4 Nf5
31. Bb4 Re8 32. Bc5 Ne3 33. g3 Nc2 34. Bd6 Re2+ 35. Kg1 Ne3 36. g4 Rg2+ 37. Kh1 Ra2 38. f5 a5 39. Rac7 Rb2 40. Be5 Rb1+
41. Kh2 Ra6 42. Rxf7
1-0

[Event "Lumpy Bumpy's Christmas Cracker 2012"]
[Site "SchemingMind.com"]
[Date "2012.12.17"]
[Round "-"]
[White "simpet"]
[Black "Clive Everill"]
[Result "1-0"]
[WhiteCountry "ENG"]
[BlackCountry "CZE"]
[WhiteElo "1613"]
[WhiteRD "54"]
[BlackElo "1710"]
[BlackRD "48"]
[GameID "323329"]

1. e4 c5 2. Nf3 Nc6 3. Bc4 g6 4. O-O Bg7 5. d3 e6 6. c3 Nge7 7. Be3 b6 8. d4 Bb7 9. dxc5 Na5 10. Bd3 bxc5
11. Bxc5 O-O 12. Nbd2 Re8 13. Ng5 Nac6 14. f4 d6 15. Be3 d5 16. Bc5 Nc8 17. e5 h6 18. Nh3 Nb8 19. Qb3 Qc7 20. Bd6 Qb6+
21. Qxb6 Nxb6 22. a4 Bc6 23. a5 N6d7 24. a6 Nb6 25. b4 Rc8 26. Ra3 Be8 27. Be2 N8d7 28. Nf2 Nf8 29. Nd1 Na4 30. b5 Nc5
31. Nb2 Nh7 32. Rc1 g5 33. g3 Bf8 34. Bxf8 Kxf8 35. Na4 Nd7 36. c4 dxc4 37. Bxc4 Nb6 38. Nxb6 axb6 39. Rac3 Kg7 40. Ne4 Bd7
41. Nd6 Rcb8 42. Bf1 f6 43. Rc7 Nf8 44. Rb7 Kg6 45. Rcc7 Rxb7 46. Rxb7 fxe5 47. fxe5 h5 48. Rxb6 Nh7 49. Rb7 Bxb5 50. Bxb5 g4
51. Bd3+
1-0

[Event "Lumpy Bumpy's Christmas Cracker 2012"]
[Site "SchemingMind.com"]
[Date "2012.12.21"]
[Round "-"]
[White "simpet"]
[Black "Olli Ylönen"]
[Result "0-1"]
[WhiteCountry "ENG"]
[BlackCountry "FIN"]
[WhiteElo "1613"]
[WhiteRD "54"]
[BlackElo "1847"]
[BlackRD "53"]
[GameID "323330"]

1. e4 c5 2. Bc4 e6 3. Nc3 Nc6 4. Nf3 a6 5. O-O b5 6. Be2 Nf6 7. d4 cxd4 8. Nxd4 Qc7 9. f4 Bc5 10. Be3 e5
11. fxe5 Qxe5 12. Rf5 Qe7 13. Kh1 Nxe4 14. Nxc6 dxc6 15. Bxc5 Nxc5 16. Rf1 O-O 17. Bd3 Nxd3 18. Qxd3 Re8 19. Rae1 Qxe1 20. h3 Qe5
21. Qf3 Qe6 22. a3 Rb8 23. Qf4 Bb7 24. Nd1 c5 25. Nf2 Qe5 26. Qxe5 Rxe5 27. Rc1 Re2 28. Kg1 Rd8 29. Kf1 Rdd2 30. Nd3 Bxg2+
31. Kg1 Bxh3 32. Nf4 Rxc2 33. Nxe2 Rxc1+ 34. Nxc1 h5 35. Nd3 c4 36. Nc5 Bc8 37. Kf2 g6 38. Ne4 Kg7 39. Kg3 Kh6 40. Nd6 Be6
41. Ne4 g5
0-1

[Event "Lumpy Bumpy's Christmas Cracker 2012"]
[Site "SchemingMind.com"]
[Date "2012.12.16"]
[Round "-"]
[White "capablanca"]
[Black "simpet"]
[Result "1/2-1/2"]
[WhiteCountry "GER"]
[BlackCountry "ENG"]
[WhiteElo "1638"]
[WhiteRD "55"]
[BlackElo "1613"]
[BlackRD "54"]
[GameID "323331"]

1. e4 e5 2. Nf3 Nc6 3. Bc4 Nf6 4. Ng5 d5 5. exd5 Nxd5 6. Nxf7 Kxf7 7. Qf3+ Ke8 8. Bxd5 Qd7 9. Bxc6 Qxc6 10. Qxc6+ bxc6
11. d3 Bd6 12. Be3 c5 13. Nd2 Bb7 14. Ne4 Rf8 15. Nxc5 Bxc5 16. Bxc5 Rf5 17. O-O Kd7 18. Be3 h6 19. f4 exf4 20. Rxf4 Raf8
21. Rxf5 Rxf5 22. Rf1 Rxf1+ 23. Kxf1 g5 24. Bxa7 Kc6 25. Be3 Kb5 26. Kf2 Bd5 27. a3 Ka4 28. h4 gxh4 29. Bxh6 Be6 30. Bg5 h3
31. gxh3 Bxh3 32. Ke3 Be6 33. Kd4 Ba2 34. Kc5 Bb1 35. Kc6 Bxc2 36. d4 Kb3 37. Bc1 Be4+ 38. Kxc7 Kc4 39. Bd2 Kxd4 40. Kb6 Kc4
41. b4 Kb3 42. Bc1 Ka4 43. Kc5=
1/2-1/2

[Event "Lumpy Bumpy's Christmas Cracker 2012"]
[Site "SchemingMind.com"]
[Date "2012.12.17"]
[Round "-"]
[White "Clive Everill"]
[Black "simpet"]
[Result "1/2-1/2"]
[WhiteCountry "CZE"]
[BlackCountry "ENG"]
[WhiteElo "1700"]
[WhiteRD "49"]
[BlackElo "1590"]
[BlackRD "59"]
[GameID "323332"]

1. e4 e5 2. f4 g6 3. Nf3 exf4 4. Bc4 Bg7 5. O-O Ne7 6. d4 O-O 7. Bxf4 d6 8. c3 Nbc6 9. b4 Bg4 10. Qb3 Bxf3
11. Rxf3 Nxd4 12. cxd4 Bxd4+ 13. Kh1 Bxa1 14. Bh6 Bg7 15. Bxf7+ Kh8 16. Bxg7+ Kxg7 17. Qc3+ Kh6 18. Rh3+ Kg5 19. Qg7 Rxf7 20. Qxf7 Qf8
21. Rg3+ Kh6 22. Rh3+= Kg5 23. Rg3+=
1/2-1/2

[Event "Lumpy Bumpy's Christmas Cracker 2012"]
[Site "SchemingMind.com"]
[Date "2012.12.21"]
[Round "-"]
[White "Olli Ylönen"]
[Black "simpet"]
[Result "1-0"]
[WhiteCountry "FIN"]
[BlackCountry "ENG"]
[WhiteElo "1847"]
[WhiteRD "53"]
[BlackElo "1613"]
[BlackRD "54"]
[GameID "323333"]

1. e4 e5 2. Nf3 Nc6 3. d4 f6 4. dxe5 fxe5 5. Bc4 Nf6 6. Ng5 Nxe4 7. Qh5+ g6 8. Bf7+ Ke7 9. Qh4 Nd6 10. O-O Nxf7
11. Re1 Bg7 12. Nc3 d5 13. Bf4 h5 14. Rad1 d4 15. Nb5 Re8 16. Nh7+ Kd7 17. Qh3+ Re6 18. Nxd4 Ke8 19. Nxe6 Bxe6 20. Rxd8+ Ncxd8
21. Qc3 c6 22. Bg3 Bd5 23. f4 Ne6 24. fxe5 Kd7 25. Nf6+ Bxf6 26. exf6 Re8 27. Qd3 Rf8 28. Rxe6 Kxe6 29. c4 Kxf6 30. cxd5 cxd5
31. Qxd5 Rd8 32. Bh4+ g5 33. Bxg5+ Nxg5 34. Qxd8+ Kf5 35. Qd5+ Kf6 36. Qxb7 a5 37. Qb6+ Kf5 38. Qxa5+ Kf4 39. g3+ Kg4 40. b4 Nf3+
41. Kh1 Nd2 42. b5 Ne4 43. Qb4 Kf3 44. Qxe4+ Kxe4 45. b6 Kf3 46. a4 Kg4 47. b7 h4 48. gxh4 Kxh4 49. b8=Q Kg4 50. Qf8 Kh5
51. a5
1-0

[Event "Lumpy Bumpy's Christmas Cracker 2012"]
[Site "SchemingMind.com"]
[Date "2012.12.22"]
[Round "-"]
[White "David Hartley"]
[Black "capablanca"]
[Result "0-1"]
[WhiteCountry "ENG"]
[BlackCountry "GER"]
[WhiteElo "1808"]
[WhiteRD "62"]
[BlackElo "1638"]
[BlackRD "55"]
[GameID "323514"]

1. e4 e5 2. Nf3 Nc6 3. Bb5 a6 4. Ba4 Nf6 5. Nc3 b5 6. Bb3 Bc5 7. O-O O-O 8. d3 h6 9. h3 d6 10. Qe1 Nd4
11. Nxd4 Bxd4 12. Ne2 Ba7 13. c3 Be6 14. Bd1 c5 15. Ng3 d5 16. Kh1 d4 17. cxd4 Qxd4 18. Qd2 Rfd8 19. Bc2 c4 20. Ne2 Qd6
21. Rd1 Bxf2 22. dxc4 Qxd2 23. Bxd2 Bxc4 24. Nc3 b4 25. Nb1 Be2 26. Rc1 Rac8 27. Bxb4 Be3 28. Ba5 Bxc1 29. Nc3 Bxb2
0-1

[Event "Lumpy Bumpy's Christmas Cracker 2012"]
[Site "SchemingMind.com"]
[Date "2012.12.23"]
[Round "-"]
[White "David Hartley"]
[Black "Clive Everill"]
[Result "1/2-1/2"]
[WhiteCountry "ENG"]
[BlackCountry "CZE"]
[WhiteElo "1808"]
[WhiteRD "62"]
[BlackElo "1710"]
[BlackRD "48"]
[GameID "323515"]

1. e4 c5 2. c3 Nf6 3. e5 Nd5 4. d4 cxd4 5. cxd4 d6 6. Nf3 Nc6 7. h3 Bf5 8. Bd3 Bxd3 9. Qxd3 dxe5 10. dxe5 Ndb4
11. Qxd8+ Rxd8 12. Na3 h6 13. O-O e6 14. Re1 Bc5 15. Be3 Bxe3 16. Rxe3 O-O 17. Ne1 Rd5 18. f4 Rd2 19. Rb3 Rfd8 20. Nc4 Rd1
21. Rxd1 Rxd1 22. Kf2 b6 23. a3 Nd5 24. g3 Nd4 25. Rd3 Rxd3 26. Nxd3 b5 27. Ne3 Nb6 28. Nd1=
1/2-1/2

[Event "Lumpy Bumpy's Christmas Cracker 2012"]
[Site "SchemingMind.com"]
[Date "2012.12.22"]
[Round "-"]
[White "David Hartley"]
[Black "Olli Ylönen"]
[Result "1-0"]
[WhiteCountry "ENG"]
[BlackCountry "FIN"]
[WhiteElo "1792"]
[WhiteRD "64"]
[BlackElo "1841"]
[BlackRD "55"]
[GameID "323516"]

1. e4 e5 2. Nf3 Nc6 3. Bb5 Nge7 4. O-O g6 5. c3 Bg7 6. d4 exd4 7. cxd4 d5 8. e5 O-O 9. h3 a6 10. Ba4 h6
11. Nc3 f6 12. exf6 Bxf6 13. Bxh6 Rf7 14. Ng5 Bxg5 15. Bxg5 Qf8 16. Bb3 Rf5 17. h4 Kg7 18. g4 Rf4 19. Bxf4 Qxf4 20. Qd3 Nxd4
21. Qg3 Qxg4 22. Qxg4 Bxg4 23. Bd1 Bxd1 24. Raxd1 Nf3+ 25. Kg2 Nxh4+ 26. Kh3 Nhf5 27. Nxd5 Nxd5 28. Rxd5 Rf8 29. Rd7+ Rf7 30. Rxf7+ Kxf7
31. Kg4 Ne7 32. Kg5 c6 33. Kf4 a5 34. Ke5 b5 35. Kd6 Kf6 36. Re1 Nf5+ 37. Kxc6 b4 38. Kb5
1-0

[Event "Lumpy Bumpy's Christmas Cracker 2012"]
[Site "SchemingMind.com"]
[Date "2012.12.22"]
[Round "-"]
[White "David Hartley"]
[Black "simpet"]
[Result "1/2-1/2"]
[WhiteCountry "ENG"]
[BlackCountry "ENG"]
[WhiteElo "1792"]
[WhiteRD "64"]
[BlackElo "1629"]
[BlackRD "54"]
[GameID "323517"]

1. e4 e5 2. Nf3 Nc6 3. Bb5 Nf6 4. O-O Bc5 5. c3 Nxe4 6. Nxe5 O-O 7. d4 Nxe5 8. dxc5 d6 9. cxd6 Nxd6 10. Be2 Bf5
11. Nd2 b6 12. Nf3 Nxf3+ 13. Bxf3 Rc8 14. Be2 Qh4 15. Be3 Ne4 16. Qc1 c5 17. b3 Rfd8 18. g3 Qh3 19. Bf3 Rd3 20. Bg2 Qh5
21. c4 Nc3 22. Qb2 Rcd8 23. Rfe1 Be4 24. Rac1 Bxg2 25. Kxg2 Nd1 26. Qc2 Nc3 27. Bf4 Qf3+ 28. Kg1 Ne4 29. Qe2 Qxe2 30. Rxe2 f5
31. Rec2 g5 32. Be3 h6 33. Kg2 Kf7 34. Re1 Kf6 35. Kf3 Nd2+ 36. Ke2 Ne4 37. Kf1= h5 38. h4 g4 39. Rec1 Kg6 40. Kg2 Nd2
41. Bxd2 Rxd2 42. Kf1 Rd1+ 43. Ke2= Rxc1 44. Rxc1 Re8+ 45. Kf1 Re4 46. Rc2 f4 47. Rd2 Rd4 48. Ke2 Kf5 49. Rxd4 cxd4 50. Kd3 Ke5
51. a3 a5 52. b4 a4 53. c5 bxc5 54. bxc5 fxg3 55. fxg3 Kd5 56. c6 Kxc6 57. Kxd4 Kd6 58. Kc4 Ke5 59. Kb4 Ke4 60. Kxa4 Kf3
61. Kb4 Kxg3 62. a4 Kxh4 63. a5 g3 64. a6 g2 65. a7 g1=Q 66. a8=Q Qg4+ 67. Kc3 Kg3 68. Qb8+ Kh3 69. Qb5 h4 70. Qf1+ Qg2
71. Qf5+ Kh2 72. Kb4 h3 73. Qe5+ Qg3 74. Qe2+ Kg1 75. Qd1+ Kf2 76. Qc2+ Kf1 77. Qc4+ Kg2 78. Qc2+ Qf2 79. Qg6+ Kf1 80. Qd3+= Kg2
81. Qg6+ Qg3 82. Qc2+= Kf1 83. Qc4+ Ke1 84. Qc1+ Ke2 85. Qc2+ Kf3 86. Qd3+ Kf4 87. Qd4+ Kf5 88. Qd5+ Qe5 89. Qf7+ Ke4 90. Qh7+ Qf5
91. Qe7+ Kd3 92. Qd6+ Ke3 93. Qg3+ Kd2 94. Qc3+ Kd1 95. Qb3+ Ke2 96. Qb2+ Kd1 97. Qb3+ Ke2 98. Qb2+ Ke3 99. Qc1+ Kd4 100. Qc4+ Ke3
101. Qc1+ Kf3 102. Qc3+ Kg4 103. Qg7+ Kf4 104. Qc7+ Kf3 105. Qc3+ Kg2 106. Qd2+ Qf2 107. Qd5+ Qf3 108. Qd2+ Qf2 109. Qd5+ Kf1 110. Qd3+ Kg2
111. Qd5+= Qf3 112. Qd2+ Kg3 113. Qe1+ Kg4 114. Qe6+ Qf5 115. Qe2+ Kg5 116. Qe7+ Kh5 117. Qe8+ Kh4 118. Qe7+ Qg5 119. Qe1+ Qg3 120. Qe7+ Qg5
121. Qe1+ Qg3 122. Qe7+ Kh5
1/2-1/2

[Event "Lumpy Bumpy's Christmas Cracker 2012"]
[Site "SchemingMind.com"]
[Date "2012.12.22"]
[Round "-"]
[White "capablanca"]
[Black "David Hartley"]
[Result "0-1"]
[WhiteCountry "GER"]
[BlackCountry "ENG"]
[WhiteElo "1638"]
[WhiteRD "55"]
[BlackElo "1808"]
[BlackRD "62"]
[GameID "323518"]

1. e4 e6 2. d4 d5 3. Nc3 Nf6 4. Bg5 Be7 5. e5 Nfd7 6. Bxe7 Qxe7 7. Nf3 c5 8. Nb5 Qd8 9. Nd6+ Ke7 10. Ng5 Qa5+
11. c3 f6 12. Nxc8+ Rxc8 13. exf6+ Nxf6 14. Be2 Nc6 15. dxc5 h6 16. Nf3 Qxc5 17. O-O Kf7 18. Nd4 Nxd4 19. Qxd4 Qxd4 20. cxd4 Rc2
21. Rfe1 Rxb2 22. Bf3 Rc8 23. a4 Rcc2 24. Re5 Ra2 25. Rae1 Rc6
0-1

[Event "Lumpy Bumpy's Christmas Cracker 2012"]
[Site "SchemingMind.com"]
[Date "2012.12.22"]
[Round "-"]
[White "Clive Everill"]
[Black "David Hartley"]
[Result "0-1"]
[WhiteCountry "CZE"]
[BlackCountry "ENG"]
[WhiteElo "1710"]
[WhiteRD "48"]
[BlackElo "1808"]
[BlackRD "62"]
[GameID "323519"]

1. Nf3 Nc6 2. g3 d5 3. Bg2 e5 4. d3 Nf6 5. O-O Be7 6. c4 O-O 7. Nbd2 Be6 8. b3 Rb8 9. Bb2 d4 10. a3 Bd6
11. Ng5 Bd7 12. b4 Re8 13. Qb3 Rf8 14. c5 Be7 15. f4 Ng4 16. Nxf7 Rxf7 17. fxe5 Ncxe5 18. Bd5 Nh6 19. Bxd4 Be6 20. Bxe6 Qxd4+
21. Kh1 Kh8 22. Bxf7 Nexf7 23. Rac1 Rf8 24. Rc4 Qd7 25. Kg2 Ng4 26. Re4 Bg5 27. Rxg4 Qxg4 28. Rxf7 Qxe2+ 29. Kh3 Qh5+ 30. Kg2 Qxf7
31. Qxf7 Rxf7 32. Ne4 Bc1 33. a4 Rd7 34. Nf2 Rd4 35. b5 Rxa4 36. Kf3 Ba3 37. c6 Rb4 38. d4 b6 39. d5 Rxb5 40. d6 Bxd6
41. Ne4 Rb1 42. Ke3 Rc1
0-1

[Event "Lumpy Bumpy's Christmas Cracker 2012"]
[Site "SchemingMind.com"]
[Date "2012.12.22"]
[Round "-"]
[White "Olli Ylönen"]
[Black "David Hartley"]
[Result "0-1"]
[WhiteCountry "FIN"]
[BlackCountry "ENG"]
[WhiteElo "1847"]
[WhiteRD "53"]
[BlackElo "1808"]
[BlackRD "62"]
[GameID "323520"]

1. e4 e6 2. d4 d5 3. Nc3 Nf6 4. e5 Nfd7 5. f4 c5 6. Nf3 a6 7. Be3 Nc6 8. Qd2 Be7 9. dxc5 Bxc5 10. O-O-O Bb4
11. a3 Ba5 12. f5 Ndxe5 13. Nxe5 Nxe5 14. b4 Bc7 15. fxe6 fxe6 16. Be2 O-O 17. Rhf1 Nf7 18. Bc5 Bd6 19. Nxd5 Bxc5 20. bxc5 exd5
21. c4 dxc4 22. Qxd8 Nxd8 23. Rxd8 Rxd8
0-1

[Event "Lumpy Bumpy's Christmas Cracker 2012"]
[Site "SchemingMind.com"]
[Date "2012.12.22"]
[Round "-"]
[White "simpet"]
[Black "David Hartley"]
[Result "1-0"]
[WhiteCountry "ENG"]
[BlackCountry "ENG"]
[WhiteElo "1613"]
[WhiteRD "54"]
[BlackElo "1808"]
[BlackRD "62"]
[GameID "323521"]

1. e4 e5 2. Nf3 Nc6 3. Bc4 Bc5 4. d3 h6 5. O-O Nf6 6. c3 d6 7. Kh1 Bd7 8. d4 exd4 9. cxd4 Bb6 10. Nc3 O-O
11. Bf4 a6 12. e5 dxe5 13. dxe5 Ne8 14. Nd5 Bc5 15. a3 a5 16. Qd2 Kh8 17. Bxh6 gxh6 18. Qxh6+ Kg8 19. Ng5 Bf5 20. f4
1-0

[Event "Lumpy Bumpy's Christmas Cracker 2012"]
[Site "SchemingMind.com"]
[Date "2012.12.19"]
[Round "-"]
[White "Archon"]
[Black "capablanca"]
[Result "1/2-1/2"]
[WhiteCountry "CAN"]
[BlackCountry "GER"]
[WhiteElo "1600"]
[WhiteRD "60"]
[BlackElo "1625"]
[BlackRD "58"]
[GameID "323560"]

1. d4 d5 2. Nf3 Nf6 3. c4 e6 4. Nc3 c5 5. cxd5 Nxd5 6. e4 Nxc3 7. bxc3 cxd4 8. cxd4 Bb4+ 9. Bd2 Bxd2+ 10. Qxd2 Nc6
11. Bb5 Bd7 12. Rd1 a6 13. Ba4 b5 14. Bb3 O-O 15. O-O Qb6 16. Rfe1 Rfd8 17. Qe3 Na5 18. Rc1 Nxb3 19. Qxb3 Rac8 20. Rxc8 Rxc8
21. Rd1 b4 22. a3 Rc3 23. Qxb4 Qxb4 24. axb4 Rb3 25. Kf1 Rxb4 26. Ra1 Bb5+ 27. Ke1 Kf8 28. Rd1 Rb2 29. Rd2 Rb1+ 30. Rd1 Rxd1+
31. Kxd1 f6 32. Nd2 Ke7 33. Kc2 Kd6 34. Kb3 f5 35. exf5 exf5 36. Kb4 Kd5 37. Nb3 g5 38. Kc3 h5 39. g3 Bc4 40. Na5 Bf1
41. Nb3 Be2 42. Na5 Ke4 43. Nc6 Bb5 44. Ne5 a5 45. Nf7 Bd7 46. Nxg5+ Kd5 47. Nf3 a4 48. Nd2 Bc6 49. Nc4 Ke4 50. Nd6+ Kf3
51. Nxf5 Kxf2 52. Ne7 Bd7 53. Nd5 Kg2 54. Nf4+ Kxh2 55. Nxh5 Kh3 56. Nf4+ Kxg3 57. Nd3 Be8 58. Nb4 Bf7 59. Nc2 Kf4 60. Na3 Ke4
61. Kb4 Be8 62. Nb1 Kxd4 63. Nc3 Bd7=
1/2-1/2

[Event "Lumpy Bumpy's Christmas Cracker 2012"]
[Site "SchemingMind.com"]
[Date "2012.12.22"]
[Round "-"]
[White "Archon"]
[Black "David Hartley"]
[Result "0-1"]
[WhiteCountry "CAN"]
[BlackCountry "ENG"]
[WhiteElo "1600"]
[WhiteRD "60"]
[BlackElo "1792"]
[BlackRD "64"]
[GameID "323561"]

1. d4 d5 2. c4 e6 3. Nc3 Nf6 4. Bg5 Be7 5. e3 Nbd7 6. Bd3 c6 7. Nf3 O-O 8. O-O dxc4 9. Bxc4 Nd5 10. Bxe7 Qxe7
11. Re1 Nxc3 12. bxc3 Nf6 13. Qc2 b6 14. Rac1 c5 15. Red1 cxd4 16. cxd4 Bb7 17. Be2 Rac8 18. Qb2 Rc7 19. Rxc7 Qxc7 20. Rc1 Qb8
21. h3 Rc8 22. Rc3 Rxc3 23. Qxc3 Qc8 24. Qxc8+ Bxc8 25. Ne5 Bb7 26. Bf3 Bxf3 27. Nxf3 Nd7 28. Ne5 Nxe5 29. dxe5 Kf8 30. Kf1 Ke7
31. Ke2 Kd7 32. Kd3 b5 33. Kc3 a5 34. a3 Kc6 35. e4 Kc5 36. f3 b4+ 37. axb4+ axb4+ 38. Kb3 g5 39. g3 h5 40. g4 h4
41. Kb2 Kc4 42. Kc2 b3+ 43. Kb2 Kb4 44. Kb1 Kc3 45. Kc1 b2+ 46. Kb1 Kb3
0-1

[Event "Lumpy Bumpy's Christmas Cracker 2012"]
[Site "SchemingMind.com"]
[Date "2012.12.20"]
[Round "-"]
[White "Archon"]
[Black "Clive Everill"]
[Result "1-0"]
[WhiteCountry "CAN"]
[BlackCountry "CZE"]
[WhiteElo "1588"]
[WhiteRD "59"]
[BlackElo "1710"]
[BlackRD "48"]
[GameID "323562"]

1. d4 d5 2. Nf3 Nf6 3. c4 dxc4 4. e3 a6 5. Bxc4 c5 6. O-O e6 7. Bb3 Nbd7 8. e4 Nxe4 9. Re1 Nd6 10. d5 e5
11. Nxe5 Be7 12. Nc3 O-O 13. Bf4 f6 14. Nxd7 Qxd7 15. Qe2 Re8 16. Qe6+ Qxe6 17. Rxe6 Bxe6 18. dxe6 b5 19. Nd5 Rad8 20. g3 c4
21. Bc2 Nb7 22. Nc7 Rf8 23. Bf5 g6 24. Bh3 g5 25. Be3 Rd6 26. Re1 Rc8 27. Bb6 Rxb6 28. Nd5 Rd6 29. Nxe7+ Kg7 30. Nxc8 Rd8
31. e7 Re8 32. Bd7 Rxe7 33. Rxe7+ Kf8 34. Rxh7 Nc5 35. Nd6 Kg8 36. Bf5 a5 37. Ra7 a4 38. Bh7+ Kf8 39. Rf7#
1-0

[Event "Lumpy Bumpy's Christmas Cracker 2012"]
[Site "SchemingMind.com"]
[Date "2012.12.22"]
[Round "-"]
[White "Archon"]
[Black "Olli Ylönen"]
[Result "0-1"]
[WhiteCountry "CAN"]
[BlackCountry "FIN"]
[WhiteElo "1588"]
[WhiteRD "59"]
[BlackElo "1847"]
[BlackRD "53"]
[GameID "323563"]

1. d4 Nf6 2. c4 g6 3. Nc3 d5 4. cxd5 Nxd5 5. e4 Nxc3 6. bxc3 Bg7 7. Bc4 c5 8. Ne2 Nc6 9. Be3 O-O 10. O-O Qc7
11. Qc2 Na5 12. Bd3 c4 13. Bxc4 Nxc4 14. Bg5 e6 15. Bh4 b5 16. Bg3 Qe7 17. Rad1 Re8 18. f4 Ne3
0-1

[Event "Lumpy Bumpy's Christmas Cracker 2012"]
[Site "SchemingMind.com"]
[Date "2012.12.19"]
[Round "-"]
[White "Archon"]
[Black "simpet"]
[Result "0-1"]
[WhiteCountry "CAN"]
[BlackCountry "ENG"]
[WhiteElo "1588"]
[WhiteRD "59"]
[BlackElo "1613"]
[BlackRD "54"]
[GameID "323564"]

1. d4 d5 2. Nf3 e6 3. c4 c6 4. Qc2 Nf6 5. g3 Be7 6. Bg2 O-O 7. O-O Nbd7 8. Rd1 b6 9. b3 Ne4 10. Nbd2 Nef6
11. Bb2 Ng4 12. h3 Ngf6 13. Ne5 Nxe5 14. dxe5 Nd7 15. Nf3 Bc5 16. e3 a5 17. a3 Ba6 18. Bf1 Qc7 19. Nd4 Nxe5 20. Kg2 Bd6
21. cxd5 Bxf1+ 22. Rxf1 cxd5 23. Rfc1 Qxc2 24. Rxc2 Nd3 25. Bc1 Rfc8 26. Rxc8+ Rxc8 27. Bd2 Be5 28. Ra2 h5 29. f4 Bxd4 30. exd4 Nc1
31. Bxc1 Rxc1 32. b4 Rc4 33. bxa5 bxa5 34. Kf3 Rxd4 35. Ke3 Ra4 36. Kd3 h4 37. Ke3 hxg3 38. Kf3 g2 39. Kxg2 Rxf4 40. Kg3 Ra4
41. Kf3 g5
0-1

[Event "Lumpy Bumpy's Christmas Cracker 2012"]
[Site "SchemingMind.com"]
[Date "2012.12.19"]
[Round "-"]
[White "capablanca"]
[Black "Archon"]
[Result "0-1"]
[WhiteCountry "GER"]
[BlackCountry "CAN"]
[WhiteElo "1638"]
[WhiteRD "55"]
[BlackElo "1588"]
[BlackRD "59"]
[GameID "323565"]

1. e4 c6 2. d4 d5 3. Nc3 dxe4 4. Nxe4 Bf5 5. Ng3 Bg6 6. Nf3 Nd7 7. Bd3 Bxd3 8. Qxd3 e6 9. O-O Ngf6 10. Bg5 Be7
11. Rfe1 O-O 12. Ne4 h6 13. Bh4 Nxe4 14. Bxe7 Nxf2 15. Kxf2 Qxe7 16. Ne5 Nxe5 17. dxe5 Qc5+ 18. Kf1 Rad8 19. Qg3 Rd2 20. Re2 Rxc2
21. Rxc2 Qxc2 22. Qc3 Qxc3 23. bxc3 Rd8 24. Ke2 Kf8 25. Rb1 Rd7 26. Ke3 Ke7 27. c4 Kd8 28. g4 a6 29. h4 b5 30. cxb5 axb5
31. Rc1 Kc7 32. Rf1 Kb6 33. g5 hxg5 34. hxg5 c5
0-1